Psalterivm Latinvm Davidis, Prophetae Et Regis Cvm Familiari Et Pia Expositione, Ac Brevi Notatione artificij Rhetorici, pertinentis ad rationem inuentionis, dispositionis & elocutionis. Et Ab Eodem Iam Bis Ac diligenter post primam editionem in singulis Psalmis emendata & aucta

Bibliographic Details
Corporate Author: Steinmann, Hans - dedičia (Lipsko, Nemecko) (Printer)
Other Authors: Steinmann, Hans, dedičia, 16. storočie (Printer), Corner, Christoph, 1518-1594 (Dedicator, Editor)
Format: Book
Language:Latin
Published: Lipsiae Imprimebant Haeredes Ioannis Steinmanni Anno M. D. LXXXVIII. [=1588]
Subjects:

MARC

LEADER 00000nam a2200000 a 4500
001 vtls001515408
003 SK-MaSNL
005 20260302073834.0
008 251112s1588 gw f 011 p lat
015 |a SNBHFA1588 
020 |q viazané 
035 |a urn:nbn:sk:snk-am00g6ar 
035 |a urn:nbn:sk:snk-am3iw5q 
035 |a 29C14944-1CE1-4306-AAFC-B4C23522A1D5 
040 |a SNKHF  |b slo  |c SNK  |e AACR2 
041 0 |a lat 
044 |a gw  |c DE 
072 7 |a 2-23/-27  |x Biblia. Biblistika  |2 konspekt 
080 |a 27  |2 2011 
080 |a 27‑535.8  |2 2011 
080 |a 26‑535.7  |2 2011 
130 0 |a Biblia  |9 17043 
245 1 0 |a Psalterivm Latinvm Davidis, Prophetae Et Regis  |b Cvm Familiari Et Pia Expositione, Ac Brevi Notatione artificij Rhetorici, pertinentis ad rationem inuentionis, dispositionis & elocutionis. Et Ab Eodem Iam Bis Ac diligenter post primam editionem in singulis Psalmis emendata & aucta 
260 |a Lipsiae  |b Imprimebant Haeredes Ioannis Steinmanni  |c Anno M. D. LXXXVIII. [=1588] 
300 |a [54], 580 [=508], [9] strán  |c 8°  |c 14 × 9,5 cm 
500 |a Signety, reprezentanty iniciálok 
501 |a Príväzok 1.: CORNER, Christoph. Cantica Selecta Veteris Noviqve Testamenti. Lipsiae: Imprimebant Haeredes Iohannis Steinmanni, 1588.  |5 SNKIE 10444/prív.1 
504 |a Kustody 
508 |a Dedikácia: Corner, Christoph; Hohnstein, Martin ab; Sigmund von Brandeburg - magdeburský arcibiskup 
510 0 |a VD 16 B/3254 
546 |a Latinčina  |b Antiqua  |b Kurzíva 
550 |a Impresum doplnené z kolofónu 
561 |a Z knižnice františkánov Bratislava.  |5 SNKIE 10444 
563 |a Väzba: sivo-hnedá papierová kartónová lepenka, poškodená, rozpadajúca.  |5 SNKIE 10444 
630 0 7 |a Biblia  |2 SNKPH  |9 17043 
650 0 7 |a kresťanstvo  |2 SNKPH  |9 2024 
650 0 7 |a náboženstvo  |2 SNKPH  |9 2023 
650 0 7 |a biblistika  |2 SNKPH  |9 1798 
650 0 7 |a žalmy  |2 SNKPH  |9 1744 
655 7 |a piesne  |2 SNKPH  |9 70745 
700 1 |a Hohenstein, Martin von  |4 hnr  |9 72566 
700 0 |a Sigmund von Brandeburg,  |c magdeburský arcibiskup,  |d 1538-1566  |4 hnr  |9 130574 
700 1 |a Steinmann, Hans,  |c dedičia,  |d 16. storočie  |4 prt  |9 352533 
700 1 |a Corner, Christoph,  |d 1518-1594  |4 dto  |4 edt  |9 172997 
710 0 |a Steinmann, Hans - dedičia (Lipsko, Nemecko),  |d 1588-1590  |4 prt  |9 179515 
710 1 |a Františkáni (Bratislava, Slovensko)  |4 fmo  |9 281881 
752 |a Nemecko  |d Lipsko 
852 |a snk  |b Františkáni Bratislava  |p IE 10444 
958 |a ONDV 
958 |a DA 
999 |c 1162613  |d 1164543 
952 |t Fr Ba 8155  |a SNK  |b SNK  |c SNK_HF  |y PREZ  |7 0  |p 17A1355309  |o snkIE 10444  |i snk2019/13773  |8 5  |z Kniha má jeden príväzok  |0 0  |1 0  |4 0  |d 2005-04-05  |f 1  |l 0  |r 2005-04-05 00:00:00  |w 2026-02-24